=LDR 00000nam 2200000 4500 =001 INLIS000000000046233 =005 20150302083918.0 =006 =007 =008 =020 ##$$a 978-979-29-3052-8 =035 ##$$0010-031500000000005 =040 ##$$a NBPDMAT =090 ##$$a 657.450 $b Ari p =100 ##$$a TH. Arie Prabawati =245 ##$$a Panduan Aplikasi dan Solusi $c TH. Arie Prabawati, editor Th. Arie Prabawati =250 ##$$a Cet.1 =260 ##$$a Yogyakarta $b Andi $c 2012 =300 ##$$a 278 hlm. $c 22 cm =700 ##$$a Editor Th. Arie Prabawati =990 ##$$a 0001/BPAP-NTB/20142015